00422pab a2200145 454500008004000000100002100040245008100061260000900142300001500151362000800166650002800174650002000202700002200222773003200244180718b2013 xxu||||| |||| 00| 0 eng d aDas, Samir Kumar aService-led economic growth pattern and prospect: Special reference to India c2013 ap.473-488. aJan aEconomic growth - India aEconomic growth aBehera, Minaketan aIndian Journal of Economics